Heroes of the age (Record no. 162)
[ view plain ]
| 000 -LEADER | |
|---|---|
| fixed length control field | 01323nam a2200325 a 4500 |
| 082 04 - DEWEY DECIMAL CLASSIFICATION NUMBER | |
| Classification number | 958.1 |
| 100 1# - MAIN ENTRY--AUTHOR NAME | |
| Personal name | Edwards, David B. |
| 245 10 - TITLE STATEMENT | |
| Title | Heroes of the age |
| 260 ## - PUBLICATION, DISTRIBUTION, ETC. (IMPRINT) | |
| Place of publication | Berkeley : |
| Name of publisher | University of California Press, |
| Year of publication | c1996. |
| 300 ## - PHYSICAL DESCRIPTION | |
| Number of Pages | xv, 307 p. : |
| Other physical details | ill., maps. |
| 490 1# - SERIES STATEMENT | |
| Series statement | Comparative studies on Muslim societies ; |
| 856 40 - ELECTRONIC LOCATION AND ACCESS | |
| Uniform Resource Identifier | http://site.ebrary.com/lib/rucke/Doc?id=5003498 |
No items available.
